• 首页
  • 本馆介绍
  • 公告通知
  • 最新文献
  • 馆藏检索
  • 电子资源
  • 读者导购
  • 参考咨询
  • 我的图书馆
  • 登录
  • 详细信息显示
  • 放入我的书架
  • 预约/预借图书
  • 作者相关作品
  • 分类相关作品
  • 丛书相关作品
  • 出版社相关作品

书目信息

  • 表格格式
  • 工作单格式
  • 卡片格式
题名:
RNA实验技术手册
    
 
作者: 郑晓飞 主编
分册:  
出版信息: 北京   科学出版社  2004
页数: 478页
开本: 26cm
丛书名: 分子克隆实验指南系列
单 册:
中图分类: Q522-33
科图分类:
主题词: 核糖核酸--实验--技术手册 , 核糖核酸
电子资源:
ISBN: 7-03-012981-4
000 00953nam0 2200277 450
000 00959nam0 2200277 450
000 00889nam0 2200253 450
000 00852nam0 2200241 45
005 20070528133751.98
010    @a7-03-012981-4@dCNY65.00
100    @a20070420d2004 em y0chiy0120 ea
101 0  @achi
102    @aCN@b110000
105    @ay z 000yy
200 1  @aRNA实验技术手册@ARNA Shi Yan Ji Shu Shou Ce@f郑晓飞主编@FZheng Xiao Fei Zhu Bian
210    @a北京@c科学出版社@d2004
215    @a478页@d26cm
225 2  @a分子克隆实验指南系列
330    @a本手册阐述了RNA工具酶、RNA提取纯化、RNA合成和加工、RNA体外翻译、RNA分析、RNA修饰、反义技术、RNA结合与作用蛋白制备及功能等内容。
410  0 @12001 @a分子克隆实验指南系列
606 0  @a核糖核酸@x实验@j技术手册
606 0  @a核糖核酸
690    @aQ522-33@v4
701  0 @a郑晓飞@AZheng Xiao Fei@c(分子生物学)@4主编
801  0 @aCN@bTAOJIN@c20070528
905    @a10447@dQ522-33@e132
    
    RNA实验技术手册/郑晓飞主编.-北京:科学出版社,2004
    478页;26cm.-(分子克隆实验指南系列 )
    
    
    ISBN 7-03-012981-4:CNY65.00
    本手册阐述了RNA工具酶、RNA提取纯化、RNA合成和加工、RNA体外翻译、RNA分析、RNA修饰、反义技术、RNA结合与作用蛋白制备及功能等内容。
●
相关链接 在E读中查询图书 在五车中查询图书 在当当中查询图书 在豆瓣中查询图书


正题名:RNA实验技术手册     索取号:Q522-33/132         预约/预借

序号 登录号 条形码 馆藏地/架位号 状态 备注
1 0523361   205233610   第二样本阅览室/ [索取号:Q522-33/132] 在馆    
2 0523362   205233629   第三借阅区/ [索取号:Q522-33/132] 在馆    
3 0523363   205233638   第三借阅区/ [索取号:Q522-33/132] 在馆    
4 0523364   205233647   第三借阅区/ [索取号:Q522-33/132] 在馆    
5 0523365   205233656   第三借阅区/ [索取号:Q522-33/132] 在馆    
6 0523366   205233665   第三借阅区/ [索取号:Q522-33/132] 在馆    
7 0523367   205233674   第三借阅区/ [索取号:Q522-33/132] 在馆    
8 0523368   205233683   第三借阅区/ [索取号:Q522-33/132] 在馆    
唐山师范学院图书馆 欢迎您!
大连网信软件有限公司© 版权所有